| 000 | 00657nam a2200253Ia 4500 | ||
|---|---|---|---|
| 005 | 20250425162207.0 | ||
| 008 | 250425s9999 xx 000 0 und d | ||
| 020 | _a1853838705 | ||
| 041 | _aeng | ||
| 082 | _a658.403 | ||
| 100 | _aHEMMATI, MINU | ||
| 245 | 0 | _aMULTI-STAKEHOLDER PROCESSES FOR GOVERNANCE AND SUSTAINABILITY: BEYOND DEADLOCK AND CONFLICT | |
| 250 | _a1ST ED. | ||
| 260 |
_aEstados Unidos _bEARTHSCAN _c2002 |
||
| 260 | _aS.L. | ||
| 300 | _a312 | ||
| 500 | _alibro VLIR | ||
| 650 | _aCOOPERACION INTERNACIONAL | ||
| 650 | _aGOBIERNO | ||
| 650 | _aTOMA DE DECISIONES | ||
| 710 | _aEARTHSCAN | ||
| 942 | _c01 | ||
| 010 | _a55227 | ||
| 999 |
_c224238 _d224238 |
||